000 00246nam a2200097Ia 4500
008 190216s9999||||xx |||||||||||||| ||und||
100 _aKamaleswar
245 0 _aHindi-Samudr Me Geya Hua Athmi
260 _bPoomkavanam Books Publishers
942 _cBK
999 _c18309
_d18309